[Event "4NCL/Div3/PPA2 vs. ICENI"]
[Site "Hinckley Island ENG"]
[Date "2008.12.06"]
[Round "3.3"]
[White "Kemp, Paul R"]
[Black "Feavyour, John"]
[Result "1/2-1/2"]
[WhiteElo "2103"]
[BlackElo "2072"]
[PlyCount "40"]
[EventDate "2008.12.06"]
[SourceDate "2008.10.04"]

1. e4 c5 2. c3 d5 3. exd5 Qxd5 4. d4 Nc6 5. Nf3 Bg4 6. Be2 e6 7. O-O Nf6 8. h3
Bh5 9. Be3 cxd4 10. cxd4 Bb4 11. Nc3 Qa5 12. Qb3 O-O 13. Rfd1 Rfd8 14. Rac1 Rd7
15. g4 Bg6 16. Ne5 Nxe5 17. dxe5 Rxd1+ 18. Rxd1 Bxc3 19. exf6 Bxf6 20. Qxb7 Rd8
1/2-1/2

[Event "4NCL/Div3/PPA2 vs. ICENI"]
[Site "Hinckley Island ENG"]
[Date "2008.12.06"]
[Round "3.4"]
[White "Ruthen, Steven"]
[Black "Bailey, Kevin"]
[Result "1-0"]
[WhiteElo "2050"]
[BlackElo "2071"]
[PlyCount "67"]
[EventDate "2008.12.06"]
[SourceDate "2008.10.04"]

1. c4 e5 2. g3 d6 3. Bg2 f5 4. Nc3 Nf6 5. d3 Be7 6. Nf3 O-O 7. O-O Qe8 8. b4
Qh5 9. Rb1 Kh8 10. Nd5 Bd8 11. b5 Nbd7 12. Ba3 Nxd5 13. cxd5 Nf6 14. Nxe5 f4
15. gxf4 Re8 16. e4 dxe5 17. Qxh5 Nxh5 18. fxe5 Nf4 19. e6 b6 20. Bc1 Nxd3 21.
f4 Be7 22. Be3 Bc5 23. Bxc5 Nxc5 24. Rbd1 Bb7 25. f5 a6 26. e5 axb5 27. f6 Nxe6
28. f7 Nf8 29. fxe8=Q Rxe8 30. e6 Ng6 31. Rf7 Ne7 32. d6 Bxg2 33. dxe7 Rg8 34.
Rd8 1-0

[Event "4NCL/Div3/PPA2 vs. ICENI"]
[Site "Hinckley Island ENG"]
[Date "2008.12.06"]
[Round "3.5"]
[White "McCorry, Robert T"]
[Black "Downham, Alan"]
[Result "1/2-1/2"]
[WhiteElo "2059"]
[BlackElo "1995"]
[PlyCount "97"]
[EventDate "2008.12.06"]
[SourceDate "2008.10.04"]

1. d4 d5 2. c4 c6 3. Nf3 dxc4 4. a4 Nf6 5. Nc3 Bf5 6. e3 e6 7. Bxc4 Bb4 8. O-O
Nbd7 9. h3 O-O 10. Nh4 Ne4 11. Nxf5 exf5 12. Qc2 Ndf6 13. Ne2 Qe7 14. f3 Nd6
15. Bd3 g6 16. Nc3 c5 17. Bd2 c4 18. Be2 Rfe8 19. Rfe1 Rac8 20. Bf1 Qd7 21.
Rad1 a6 22. Kh1 Ba5 23. e4 Bxc3 24. bxc3 fxe4 25. Bg5 Nh5 26. fxe4 Ng3+ 27. Kg1
Ngxe4 28. Bf4 f5 29. a5 Qc6 30. Rb1 Nb5 31. Rb4 Qd5 32. Bd2 Kg7 33. Qc1 Nbd6
34. Bh6+ Kg8 35. Qb2 Nb5 36. Re3 Ned6 37. Rxe8+ Rxe8 38. Bf4 Rc8 39. Bxd6 Nxd6
40. Rb6 Rc6 41. Qb4 Kf7 42. Be2 Rxb6 43. Qxb6 Qc6 44. Qd8 Ne4 45. Bf3 Qd6 46.
Qc8 Qd5 47. Qc7+ Kg8 48. Qc8+ Kg7 49. Qc7+ 1/2-1/2

[Event "4NCL/Div3/PPA2 vs. ICENI"]
[Site "Hinckley Island ENG"]
[Date "2008.12.06"]
[Round "3.6"]
[White "Donaghay, Richard"]
[Black "McMahon, Paul"]
[Result "0-1"]
[WhiteElo "1980"]
[BlackElo "2018"]
[PlyCount "50"]
[EventDate "2008.12.06"]
[SourceDate "2008.10.04"]

1. e4 d5 2. exd5 Qxd5 3. Nc3 Qd6 4. d4 Nf6 5. Bc4 a6 6. Nge2 b5 7. Bd3 Bb7 8.
Bf4 Qb6 9. f3 e6 10. Qd2 c5 11. O-O-O Nc6 12. Be3 Rd8 13. Ne4 Nxe4 14. Bxe4 Qc7
15. Bf4 e5 16. Qe3 cxd4 17. Nxd4 Nxd4 18. Bxe5 Qxe5 19. Rxd4 Bd6 20. Rhd1 Kf8
21. Rxd6 Rxd6 22. Qa3 Ke7 23. Bxb7 Rhd8 24. g3 Ke8 25. Rxd6 Qe1+ 0-1

[Event "4NCL/Div3/GUI5 vs. SSC"]
[Site "Hinckley Island ENG"]
[Date "2008.12.06"]
[Round "3.1"]
[White "Eckloff, Colin"]
[Black "Elliston, Robert"]
[Result "0-1"]
[WhiteElo "2010"]
[BlackElo "2128"]
[PlyCount "106"]
[EventDate "2008.12.06"]
[SourceDate "2008.10.04"]

1. e4 d6 2. d4 Nf6 3. Nc3 c6 4. a4 Qa5 5. Bd3 e5 6. dxe5 dxe5 7. h3 b5 8. Nf3
b4 9. Ne2 Be7 10. O-O O-O 11. b3 Rd8 12. Qe1 Be6 13. Bb2 Nfd7 14. Nd2 Qc7 15.
Nc4 f6 16. f4 Nb6 17. fxe5 Nxc4 18. Bxc4 Bxc4 19. bxc4 fxe5 20. Qg3 Bd6 21. Rf5
Nd7 22. Rd1 Nc5 23. Kh2 Nxa4 24. Ba1 Rd7 25. Qg4 Re8 26. c5 Nxc5 27. Ng3 Ne6
28. Nh5 Kh8 29. Ng3 Nd4 30. Rg5 Rf7 31. Nf5 Nxf5 32. Rxf5 Rxf5 33. Qxf5 Qe7 34.
Qf3 Bc5 35. Qg4 Bd4 36. Kh1 c5 37. Rf1 h6 38. Qf3 a5 39. Qb3 Rf8 40. Rd1 Rf2
41. Bxd4 exd4 42. Kg1 Re2 43. Rf1 Rxe4 44. Qd5 Re2 45. Qa8+ Kh7 46. Qxa5 Qe4
47. Rf3 Qxc2 48. Rg3 Re7 49. Qd8 Qe4 50. Qd6 c4 51. Rg4 Qe1+ 52. Kh2 Qe5+ 53.
Qxe5 Rxe5 0-1

[Event "4NCL/Div3/GUI5 vs. SSC"]
[Site "Hinckley Island ENG"]
[Date "2008.12.06"]
[Round "3.2"]
[White "Fryer, David W"]
[Black "Bryant, Richard"]
[Result "1-0"]
[WhiteElo "2072"]
[BlackElo "1938"]
[PlyCount "95"]
[EventDate "2008.12.06"]
[SourceDate "2008.10.04"]

1. e4 c5 2. Nc3 Nc6 3. g3 g6 4. Bg2 Bg7 5. d3 d6 6. Be3 e6 7. Qd2 Nd4 8. Nd1
Rb8 9. c3 Nc6 10. Ne2 b5 11. O-O Nge7 12. f4 Qc7 13. g4 f5 14. gxf5 exf5 15. d4
Na5 16. b3 O-O 17. Rc1 Bb7 18. Nf2 Rbd8 19. Qc2 Rfe8 20. Ng3 fxe4 21. Bxe4 Bxe4
22. Nfxe4 Nd5 23. Bf2 Nxf4 24. Be3 Nd5 25. Bg5 cxd4 26. Bxd8 Qxd8 27. Qd3 Nxc3
28. Rxc3 dxc3 29. Qd5+ Kh8 30. Nxd6 Qb6+ 31. Kh1 Qc6 32. Qxc6 Nxc6 33. Nxe8 Bh6
34. Ne2 c2 35. Nd6 Kg8 36. Nxb5 Nb4 37. Nc1 Nc6 38. Nc3 Nd4 39. N3e2 Nf5 40.
Rf3 Be3 41. Rh3 h5 42. Kg2 Bd2 43. Rd3 Bg5 44. Rd7 Be3 45. Kf3 Bb6 46. Ke4 Kf8
47. Kd3 Ke8 48. Rb7 1-0

[Event "4NCL/Div3/GUI5 vs. SSC"]
[Site "Hinckley Island ENG"]
[Date "2008.12.06"]
[Round "3.3"]
[White "Gibbs, Daniel"]
[Black "Bucher, Grant W"]
[Result "0-1"]
[WhiteElo "1925"]
[BlackElo "1984"]
[PlyCount "58"]
[EventDate "2008.12.06"]
[SourceDate "2008.10.04"]

1. d4 Nf6 2. Nf3 g6 3. c4 Bg7 4. Nc3 d5 5. Bg5 Ne4 6. Bh4 Nxc3 7. bxc3 c5 8.
cxd5 Qxd5 9. e3 Nc6 10. Be2 O-O 11. O-O Bf5 12. Nd2 cxd4 13. Bc4 Qa5 14. cxd4
Rad8 15. g4 Bxd4 16. gxf5 Bxa1 17. Qxa1 Rxd2 18. fxg6 hxg6 19. Qb1 Qh5 20. Bg3
Qg4 21. Bb3 Rfd8 22. f3 Qg5 23. f4 Qg4 24. f5 Ne5 25. fxg6 Nf3+ 26. Rxf3 Qxf3
27. Bxf7+ Kf8 28. g7+ Kxf7 29. g8=Q+ Rxg8 0-1

[Event "4NCL/Div3/GUI5 vs. SSC"]
[Site "Hinckley Island ENG"]
[Date "2008.12.06"]
[Round "3.4"]
[White "Tucker, Andrew L"]
[Black "Deswarte, Ian"]
[Result "1-0"]
[WhiteElo "1977"]
[BlackElo "1950"]
[PlyCount "69"]
[EventDate "2008.12.06"]
[SourceDate "2008.10.04"]

1. e4 c5 2. Nc3 Nc6 3. g3 g6 4. Bg2 Bg7 5. d3 d6 6. Be3 Bd7 7. Qd2 Rc8 8. Nge2
Nf6 9. h3 a6 10. O-O b5 11. Bh6 O-O 12. Bxg7 Kxg7 13. f4 b4 14. Nd1 h5 15. f5
Ne5 16. Ne3 Bc6 17. g4 hxg4 18. hxg4 Nexg4 19. Nxg4 Nxg4 20. Qg5 Ne5 21. Nf4
Bd7 22. Nh5+ Kh7 23. Rf4 Rh8 24. fxg6+ fxg6 25. Raf1 Be6 26. Ng3 Kg7 27. Nf5+
Bxf5 28. exf5 Rh5 29. Qg3 g5 30. Bf3 Nxf3+ 31. Qxf3 gxf4 32. Qxh5 Qg8 33. Rxf4
Kf6+ 34. Rg4 Qf7 35. Rg6+ 1-0

[Event "4NCL/Div3/GUI5 vs. SSC"]
[Site "Hinckley Island ENG"]
[Date "2008.12.06"]
[Round "3.5"]
[White "Lalic, Peter"]
[Black "Grant, David"]
[Result "1/2-1/2"]
[WhiteElo "1905"]
[BlackElo "2014"]
[PlyCount "43"]
[EventDate "2008.12.06"]
[SourceDate "2008.10.04"]

1. d4 Nf6 2. Nf3 g6 3. g3 Bg7 4. Bg2 O-O 5. O-O d6 6. Nc3 Nbd7 7. e4 e5 8. dxe5
dxe5 9. Be3 c6 10. h3 Qc7 11. Qe2 b5 12. Rad1 b4 13. Nb1 Qa5 14. Nbd2 Ba6 15.
Nc4 Qb5 16. Nfd2 Nb6 17. b3 Rad8 18. Qf3 Bb7 19. Rfe1 c5 20. Nxe5 Nfd5 21. Ndc4
Nf6 22. Rxd8 1/2-1/2

[Event "4NCL/Div3/GUI5 vs. SSC"]
[Site "Hinckley Island ENG"]
[Date "2008.12.06"]
[Round "3.6"]
[White "Woods, Tim"]
[Black "Shaw, Matthew"]
[Result "0-1"]
[WhiteElo "1900"]
[BlackElo "1925"]
[PlyCount "48"]
[EventDate "2008.12.06"]
[SourceDate "2008.10.04"]

1. e4 e6 2. d4 d5 3. Nc3 Nf6 4. e5 Nfd7 5. f4 c5 6. Nf3 Nc6 7. Be3 cxd4 8. Nxd4
Bc5 9. Qd2 O-O 10. O-O-O a6 11. h4 Nxd4 12. Bxd4 b5 13. Rh3 Qc7 14. h5 b4 15.
Ne2 a5 16. Qe3 Ba6 17. Rg3 Rfc8 18. Bxc5 Nxc5 19. Nd4 Ne4 20. Rh3 a4 21. g4 b3
22. a3 bxc2 23. Re1 Bxf1 24. Rxf1 Qc4 0-1

[Event "4NCL/Div3/NOTT1 vs. FPONTY"]
[Site "Hinckley Island ENG"]
[Date "2008.12.06"]
[Round "3.1"]
[White "Richmond, Robert J"]
[Black "Sully, David"]
[Result "1/2-1/2"]
[WhiteElo "2236"]
[BlackElo "2135"]
[PlyCount "94"]
[EventDate "2008.12.06"]
[SourceDate "2008.10.04"]

1. d4 e6 2. e4 d5 3. Nd2 dxe4 4. Nxe4 Bd7 5. Bd3 Bc6 6. Nf3 Nd7 7. O-O Ngf6 8.
Qe2 Bxe4 9. Bxe4 Nxe4 10. Qxe4 c6 11. c4 Be7 12. Bf4 O-O 13. Rfd1 Nf6 14. Qe2
Qa5 15. a3 Qf5 16. Be5 a5 17. Rd3 a4 18. Re1 Rfd8 19. h3 h6 20. g4 Qh7 21. Bc7
Rd7 22. Bg3 Bd6 23. Bxd6 Rxd6 24. Rd2 Rdd8 25. Qe3 b6 26. Kg2 g5 27. Qe5 Qg6
28. Rde2 Ne8 29. Qe3 Qg7 30. Ne5 Rac8 31. Qe4 Nf6 32. Qe3 Nd7 33. Nf3 Nf8 34.
c5 bxc5 35. dxc5 Rd5 36. Rd2 Rcd8 37. Rxd5 Rxd5 38. Ne5 Ng6 39. Nxg6 Qxg6 40.
Qc3 Rd3 41. Qc4 Rd2 42. Re2 Rxe2 43. Qxe2 Qb1 44. Qc4 Qd1 45. Qb4 Qd5+ 46. Kg3
Qd3+ 47. Kg2 Qd5+ 1/2-1/2

[Event "4NCL/Div3/NOTT1 vs. FPONTY"]
[Site "Hinckley Island ENG"]
[Date "2008.12.06"]
[Round "3.2"]
[White "Adams, Mark A"]
[Black "Truman, Richard G"]
[Result "1/2-1/2"]
[WhiteElo "2034"]
[BlackElo "2035"]
[PlyCount "80"]
[EventDate "2008.12.06"]
[SourceDate "2008.10.04"]

1. e4 c5 2. Nf3 d6 3. d4 cxd4 4. Nxd4 Nf6 5. Nc3 a6 6. Be2 e6 7. Be3 Be7 8. f4
Qc7 9. O-O Nc6 10. g4 Nxd4 11. Bxd4 e5 12. Be3 exf4 13. Bxf4 Qc5+ 14. Kg2 Be6
15. g5 Nd7 16. Nd5 Bxd5 17. exd5 O-O 18. Rf3 Ne5 19. Rc3 Qb4 20. Kg3 Ng6 21.
Rc4 Qxb2 22. Rb1 Qxa2 23. Rxb7 Rac8 24. Rbc7 Rxc7 25. Rxc7 Qa5 26. Rc6 Ra8 27.
h4 Nxf4 28. Kxf4 f6 29. gxf6 Bxf6 30. h5 Qa4+ 31. Bc4 Be5+ 32. Ke3 Qa3+ 33. Bb3
Qb4 34. Rc4 Qb6+ 35. Kd3 Rf8 36. Qg4 Qf2 37. Rc8 Qf1+ 38. Ke4 Qe1+ 39. Kd3 Qf1+
40. Ke4 Qe1+ 1/2-1/2

[Event "4NCL/Div3/NOTT1 vs. FPONTY"]
[Site "Hinckley Island ENG"]
[Date "2008.12.06"]
[Round "3.3"]
[White "Levens, David"]
[Black "Perrett, David"]
[Result "1/2-1/2"]
[WhiteElo "2005"]
[BlackElo "1996"]
[PlyCount "54"]
[EventDate "2008.12.06"]
[SourceDate "2008.10.04"]

1. e4 Nf6 2. e5 Nd5 3. d4 d6 4. Nf3 g6 5. Bc4 Nb6 6. Bb3 Bg7 7. O-O O-O 8. h3
Nc6 9. Qe2 h6 10. Rd1 Na5 11. c4 Nxb3 12. axb3 Bf5 13. Nc3 c6 14. g4 Be6 15. d5
cxd5 16. cxd5 Bd7 17. Bf4 Nc8 18. Bg3 g5 19. Re1 f5 20. e6 Be8 21. Rad1 Qb6 22.
gxf5 Rxf5 23. Qe4 Bg6 24. Nd4 Rf6 25. Qg4 Qb4 26. h4 Bf5 27. Qe2 gxh4 1/2-1/2

[Event "4NCL/Div3/NOTT1 vs. FPONTY"]
[Site "Hinckley Island ENG"]
[Date "2008.12.06"]
[Round "3.4"]
[White "Robinson, David"]
[Black "Kingston, Ian"]
[Result "1/2-1/2"]
[WhiteElo "1986"]
[BlackElo "2002"]
[PlyCount "70"]
[EventDate "2008.12.06"]
[SourceDate "2008.10.04"]

1. e4 e5 2. Bc4 Nf6 3. d3 Nc6 4. Nc3 h6 5. f4 Bb4 6. Nge2 d5 7. exd5 Nxd5 8.
O-O Nxc3 9. Nxc3 O-O 10. Ne4 Be6 11. Bxe6 fxe6 12. Qg4 Qe7 13. Be3 Bd6 14. fxe5
Nxe5 15. Qh5 Rf7 16. Rxf7 Qxf7 17. Qxf7+ Kxf7 18. h3 a6 19. Rf1+ Ke7 20. Nc5 b6
21. Ne4 Nd7 22. Bd4 Be5 23. Bxe5 Nxe5 24. Rf2 Rd8 25. Kf1 c5 26. b3 Nc6 27. Ke1
Rd5 28. Kd2 Rf5 29. g4 Rxf2+ 30. Nxf2 Kf6 31. c3 Kg5 32. Ke3 Kh4 33. Kf3 Ne5+
34. Kg2 Ng6 35. Kf3 Ne5+ 1/2-1/2

[Event "4NCL/Div3/NOTT1 vs. FPONTY"]
[Site "Hinckley Island ENG"]
[Date "2008.12.06"]
[Round "3.5"]
[White "Combie, Alexander"]
[Black "StClair, Allan"]
[Result "1-0"]
[WhiteElo "1950"]
[BlackElo "1836"]
[PlyCount "37"]
[EventDate "2008.12.06"]
[SourceDate "2008.10.04"]

1. d4 d5 2. c4 Bf5 3. Nc3 e6 4. Nf3 Nf6 5. Bg5 Be7 6. Bxf6 Bxf6 7. cxd5 exd5 8.
Qb3 Nc6 9. e3 Be6 10. Qxb7 Bd7 11. Nxd5 Rb8 12. Qxc7 Rxb2 13. Bd3 O-O 14. Nxf6+
gxf6 15. Qg3+ Kh8 16. Qh4 Qa5+ 17. Kf1 h5 18. Qxf6+ Kg8 19. Ng5 1-0

[Event "4NCL/Div3/MET vs. KJCAK"]
[Site "Hinckley Island ENG"]
[Date "2008.12.06"]
[Round "3.1"]
[White "Dickson, George"]
[Black "Jones, William"]
[Result "1/2-1/2"]
[WhiteElo "2135"]
[BlackElo "2010"]
[PlyCount "48"]
[EventDate "2008.12.06"]
[SourceDate "2008.10.04"]

1. e4 c5 2. c3 Nf6 3. e5 Nd5 4. d4 cxd4 5. Nf3 Nc6 6. cxd4 d6 7. Bc4 e6 8. O-O
Be7 9. Nc3 Nxc3 10. bxc3 dxe5 11. Nxe5 Nxe5 12. dxe5 Qxd1 13. Rxd1 Bd7 14. Rb1
b6 15. Ba6 Bc5 16. c4 h6 17. Rb3 Ke7 18. Ba3 Bxa3 19. Rxa3 Bc6 20. f3 Rhd8 21.
Rad3 Rxd3 22. Rxd3 Rd8 23. Rxd8 Kxd8 24. Kf2 Kc7 1/2-1/2

[Event "4NCL/Div3/MET vs. KJCAK"]
[Site "Hinckley Island ENG"]
[Date "2008.12.06"]
[Round "3.2"]
[White "Jones, Victor"]
[Black "Djabri, Zafer M"]
[Result "1/2-1/2"]
[WhiteElo "1991"]
[BlackElo "2103"]
[PlyCount "79"]
[EventDate "2008.12.06"]
[SourceDate "2008.10.04"]

1. e4 c5 2. Nf3 Nc6 3. d4 cxd4 4. Nxd4 e5 5. Nb5 d6 6. N1c3 a6 7. Na3 b5 8. Nd5
Nce7 9. c4 Nxd5 10. exd5 bxc4 11. Nxc4 Be7 12. Be3 Rb8 13. a4 Nf6 14. Be2 O-O
15. O-O Nd7 16. a5 f5 17. f4 g5 18. fxe5 Nxe5 19. Nb6 f4 20. Bd4 Bf6 21. Rc1
Bb7 22. b4 Rf7 23. Kh1 Rc7 24. Qb3 Rxc1 25. Rxc1 Qe7 26. b5 axb5 27. Bxb5 g4
28. a6 Ba8 29. Nxa8 Rxa8 30. a7 Rxa7 31. Bxa7 Qxa7 32. Be2 Qf2 33. Qc2 Kg7 34.
Bf1 Qxc2 35. Rxc2 Kg6 36. Kg1 Bd8 37. Kf2 Bb6+ 38. Ke2 Bc5 39. Kd2 f3 40. gxf3
1/2-1/2

[Event "4NCL/Div3/MET vs. KJCAK"]
[Site "Hinckley Island ENG"]
[Date "2008.12.06"]
[Round "3.3"]
[White "Fegan, Chris"]
[Black "Bayliss, Lyall C P"]
[Result "1-0"]
[WhiteElo "2098"]
[BlackElo "1965"]
[PlyCount "51"]
[EventDate "2008.12.06"]
[SourceDate "2008.10.04"]

1. b3 d5 2. Bb2 Nf6 3. Nf3 b6 4. g3 Bb7 5. Bg2 Nbd7 6. O-O e6 7. d3 Bd6 8. Nbd2
O-O 9. Re1 c5 10. e4 dxe4 11. dxe4 Be7 12. e5 Nd5 13. Ne4 Qc7 14. a3 c4 15.
bxc4 Qxc4 16. Bf1 Qc6 17. c4 Nc7 18. Nd4 Qxe4 19. Rxe4 Bxe4 20. Nb5 Nxb5 21.
Qxd7 Bc5 22. Qxb5 Rad8 23. Bc3 a5 24. Bxa5 Bd4 25. Re1 Bf3 26. Bxb6 1-0

[Event "4NCL/Div3/MET vs. KJCAK"]
[Site "Hinckley Island ENG"]
[Date "2008.12.06"]
[Round "3.4"]
[White "Lunn, Matt"]
[Black "Vachtfeidl, Petr"]
[Result "1/2-1/2"]
[WhiteElo "1874"]
[BlackElo "2015"]
[PlyCount "64"]
[EventDate "2008.12.06"]
[SourceDate "2008.10.04"]

1. d4 Nf6 2. c4 g6 3. Nc3 d5 4. cxd5 Nxd5 5. e4 Nxc3 6. bxc3 Bg7 7. Nf3 c5 8.
Rb1 O-O 9. Be2 b6 10. O-O Bb7 11. Qc2 Qc7 12. d5 Nd7 13. c4 e5 14. Bb2 Rae8 15.
Rbd1 Qd6 16. Rfe1 Bh6 17. Bc1 Bxc1 18. Qxc1 Kg7 19. Bd3 Bc8 20. Bc2 Re7 21. Re3
Nf6 22. h3 Nh5 23. Ne1 Nf4 24. Nd3 Nxd3 25. Bxd3 f6 26. Rde1 Rff7 27. Rg3 Bd7
28. h4 h5 29. Be2 Kh7 30. Qd1 Kh6 31. Qd2+ Kh7 32. Qd1 Kh6 1/2-1/2

[Event "4NCL/Div3/MET vs. KJCAK"]
[Site "Hinckley Island ENG"]
[Date "2008.12.06"]
[Round "3.5"]
[White "Djabri, Katherine"]
[Black "Maguire, Robert"]
[Result "1-0"]
[WhiteElo "2035"]
[BlackElo "1710"]
[PlyCount "149"]
[EventDate "2008.12.06"]
[SourceDate "2008.10.04"]

1. e4 e5 2. Nf3 Nc6 3. d4 exd4 4. c3 dxc3 5. Bc4 Nf6 6. e5 d5 7. Bb5 Ne4 8.
Nxc3 Nxc3 9. bxc3 Be7 10. O-O Bg4 11. h3 Bh5 12. g4 Bg6 13. Qa4 O-O 14. Bxc6
bxc6 15. Qxc6 f6 16. Rd1 Be8 17. Qa6 Qd7 18. Be3 c5 19. Rab1 Qc6 20. Qxc6 Bxc6
21. exf6 gxf6 22. Nh4 Rfe8 23. Bf4 c4 24. Nf5 Bc5 25. Rd2 Re4 26. Be3 Bxe3 27.
Nxe3 Rd8 28. Nf5 Re5 29. Nd4 Be8 30. Kf1 Rd7 31. Rb8 Kf7 32. Nf5 Kg6 33. Re2
Rxe2 34. Kxe2 Bf7 35. f4 h5 36. Rh8 Be6 37. Rh6+ Kf7 38. Nd4 hxg4 39. f5 Bxf5
40. Nxf5 gxh3 41. Rxh3 Kg6 42. Nd4 Rb7 43. Kf3 Rb2 44. Rg3+ Kf7 45. Rg2 Rb1 46.
Rh2 Kg6 47. Rc2 a5 48. Nc6 a4 49. Ne7+ Kf7 50. Nxd5 a3 51. Re2 Rb7 52. Ne3 Rc7
53. Ke4 Re7+ 54. Kd4 Rd7+ 55. Kxc4 Rb7 56. Kd3 Rd7+ 57. Kc2 Re7 58. Kd1 Rc7 59.
c4 Kg6 60. Rf2 Rb7 61. Kc1 Rb4 62. Rxf6+ Kxf6 63. Nd5+ Ke5 64. Nxb4 Kd4 65.
Nc2+ Kxc4 66. Nxa3+ Kc3 67. Nb1+ Kb4 68. Kb2 Ka4 69. Kc3 Kb5 70. a3 Kc5 71. a4
Kb6 72. Kb4 Ka6 73. a5 Kb7 74. Kb5 Ka7 75. Nc3 1-0

[Event "4NCL/Div3/MET vs. KJCAK"]
[Site "Hinckley Island ENG"]
[Date "2008.12.06"]
[Round "3.6"]
[White "Jones, Laurence"]
[Black "Cooke, Charlie"]
[Result "1-0"]
[WhiteElo "1743"]
[BlackElo "1880"]
[PlyCount "39"]
[EventDate "2008.12.06"]
[SourceDate "2008.10.04"]

1. e4 e5 2. Nc3 Nc6 3. f4 exf4 4. Nf3 g5 5. h3 f6 6. Nxg5 fxg5 7. Qh5+ Ke7 8.
Qxg5+ Ke8 9. Qh5+ Ke7 10. Nd5+ Kd6 11. d4 Bh6 12. Bc4 Nxd4 13. O-O b5 14. Nxf4
bxc4 15. Qd5+ Ke7 16. Qe5+ Ne6 17. Nd5+ Ke8 18. Qxh8 c6 19. Qxg8+ Bf8 20. Qf7#
1-0

[Event "4NCL/Div3/OXF2 vs. CELT2"]
[Site "Hinckley Island ENG"]
[Date "2008.12.06"]
[Round "3.1"]
[White "Dickinson, Timothy R"]
[Black "Fathallah, Joe"]
[Result "1-0"]
[WhiteElo "2158"]
[BlackElo "1976"]
[PlyCount "133"]
[EventDate "2008.12.06"]
[SourceDate "2008.10.04"]

1. e4 e6 2. d4 d5 3. Nd2 Nf6 4. Bd3 dxe4 5. Nxe4 Nbd7 6. Nf3 Be7 7. O-O O-O 8.
c3 b6 9. Bc2 Bb7 10. Nxf6+ Bxf6 11. Qd3 g6 12. Bf4 c5 13. Rad1 cxd4 14. cxd4
Rc8 15. Ba4 Nb8 16. Bb3 Ba6 17. Qe3 Bxf1 18. Kxf1 Na6 19. Ne5 Nc7 20. Bh6 Bg7
21. Nc6 Qe8 22. Bxg7 Kxg7 23. Nxa7 Rb8 24. Qe5+ f6 25. Qxc7+ Rf7 26. Qd6 Rxa7
27. Bxe6 Qd8 28. Qxd8 Rxd8 29. Bb3 Re7 30. d5 Rd6 31. Rd2 f5 32. Ba4 Kf6 33.
Bc6 Rc7 34. Re2 Rcxc6 35. dxc6 Rxc6 36. a4 Rc4 37. b3 Rc3 38. Re3 Rc2 39. f4
Rc1+ 40. Kf2 Rc2+ 41. Kf3 h6 42. Rd3 Rc6 43. h3 g5 44. g3 Ke6 45. Re3+ Kf6 46.
b4 Rc4 47. Rb3 gxf4 48. gxf4 Kg6 49. a5 bxa5 50. bxa5 Ra4 51. Rb5 Ra3+ 52. Kg2
Ra4 53. Kg3 Ra3+ 54. Kh4 Ra4 55. Rb6+ Kg7 56. a6 Rxf4+ 57. Kh5 Rf3 58. h4 Ra3
59. Rg6+ Kh7 60. Rxh6+ Kg7 61. Rb6 Ra5 62. Kg5 Kf7 63. Rb7+ Ke6 64. a7 Ra1 65.
h5 f4 66. Kxf4 Kf6 67. h6 1-0

[Event "4NCL/Div3/OXF2 vs. CELT2"]
[Site "Hinckley Island ENG"]
[Date "2008.12.06"]
[Round "3.2"]
[White "O'Grady, Gary"]
[Black "Starkie, Ray"]
[Result "1/2-1/2"]
[WhiteElo "1932"]
[BlackElo "2125"]
[PlyCount "59"]
[EventDate "2008.12.06"]
[SourceDate "2008.10.04"]

1. e4 c5 2. Nf3 g6 3. Nc3 Bg7 4. Be2 Nc6 5. O-O Nf6 6. d3 O-O 7. Ng5 d5 8. exd5
Nxd5 9. Nxd5 Qxd5 10. Bf3 Qd7 11. Re1 Re8 12. Bxc6 Qxc6 13. Qf3 Qxf3 14. Nxf3
Be6 15. Ng5 Bd5 16. Ne4 b6 17. Nc3 Bc6 18. Bg5 Bf8 19. Re3 f6 20. Bh4 Rad8 21.
Re6 Bd7 22. Re2 h5 23. f3 Kf7 24. Rae1 Bf5 25. Ne4 Bg7 26. a4 Bd7 27. a5 Bc6
28. axb6 axb6 29. b3 Ra8 30. Nd2 1/2-1/2

[Event "4NCL/Div3/OXF2 vs. CELT2"]
[Site "Hinckley Island ENG"]
[Date "2008.12.06"]
[Round "3.3"]
[White "Bruce, Dave"]
[Black "Kitchen, Peter J"]
[Result "1/2-1/2"]
[WhiteElo "2078"]
[BlackElo "1895"]
[PlyCount "107"]
[EventDate "2008.12.06"]
[SourceDate "2008.10.04"]

1. e4 e5 2. Nf3 Nc6 3. Bc4 Nf6 4. d3 Be7 5. O-O O-O 6. Bb3 d6 7. c3 Bg4 8. Nbd2
h6 9. h3 Bh5 10. Re1 Nh7 11. Nf1 Ng5 12. Bxg5 Bxg5 13. Ng3 Bg6 14. a3 Kh8 15.
Qc2 f5 16. Nxf5 Bxf5 17. exf5 Rxf5 18. Bd5 Qf6 19. Re2 Ne7 20. Bxb7 Rf8 21. Be4
Rf4 22. d4 exd4 23. Nxd4 c5 24. Nc6 Nf5 25. Bxf5 Qxf5 26. Qxf5 R4xf5 27. Rae1
a6 28. f3 Rd5 29. Ne7 Bxe7 30. Rxe7 Rd2 31. R1e2 Rxe2 32. Rxe2 Rb8 33. Rd2 Rb6
34. c4 Kg8 35. Kf2 Rb3 36. Kg3 a5 37. Kf4 Kf7 38. h4 Ke6 39. h5 Rb7 40. Re2+
Kf6 41. g4 Rb3 42. Ke4 Ke6 43. Rg2 Kf6 44. f4 Rh3 45. g5+ hxg5 46. Rxg5 Rh2 47.
Rg6+ Kf7 48. Rxd6 Rxb2 49. Ra6 Rd2 50. Rxa5 Rd4+ 51. Ke5 Rxc4 52. Ra7+ Kg8 53.
a4 Rc1 54. Rc7 1/2-1/2

[Event "4NCL/Div3/OXF2 vs. CELT2"]
[Site "Hinckley Island ENG"]
[Date "2008.12.06"]
[Round "3.4"]
[White "Larter, Nick"]
[Black "Stembridge, Ed"]
[Result "0-1"]
[WhiteElo "1819"]
[BlackElo "2058"]
[PlyCount "62"]
[EventDate "2008.12.06"]
[SourceDate "2008.10.04"]

1. e4 c5 2. a3 Nc6 3. b4 b6 4. b5 Nb8 5. Bc4 e6 6. Nc3 Bb7 7. Nh3 d5 8. Bd3 Nf6
9. exd5 exd5 10. O-O Be7 11. Qf3 Nbd7 12. Re1 Qc7 13. Bb2 d4 14. Qe2 O-O 15.
Ne4 c4 16. Nxf6+ Bxf6 17. Bf5 d3 18. Qg4 Bxb2 19. Bxd7 Bxa1 20. Rxa1 dxc2 21.
Bf5 Qe5 22. Rf1 Bc8 23. Bxc8 Raxc8 24. Nf4 c3 25. dxc3 Rxc3 26. Ne2 Qxe2 27.
Qxe2 c1=Q 28. a4 Qa3 29. Qe5 Rc1 30. Qf4 Rxf1+ 31. Kxf1 Qd3+ 0-1

[Event "4NCL/Div3/OXF2 vs. CELT2"]
[Site "Hinckley Island ENG"]
[Date "2008.12.06"]
[Round "3.5"]
[White "Rawlinson, Chris"]
[Black "Buttell, David"]
[Result "1-0"]
[WhiteElo "2047"]
[BlackElo "1755"]
[PlyCount "81"]
[EventDate "2008.12.06"]
[SourceDate "2008.10.04"]

1. e4 c5 2. Nc3 Nc6 3. g3 g6 4. Bg2 Bg7 5. d3 d6 6. Be3 e5 7. Qd2 Nge7 8. Bh6
O-O 9. h4 Kh8 10. Bxg7+ Kxg7 11. h5 Rh8 12. h6+ Kf8 13. f4 Ke8 14. Nf3 f6 15.
O-O-O Nd4 16. Nd5 Nxd5 17. exd5 Bg4 18. Qe3 Nf5 19. Qe1 Qe7 20. Rd2 Bxf3 21.
Bxf3 Nd4 22. Bg2 Kd8 23. c3 Nb5 24. Re2 b6 25. Qf2 Kc8 26. d4 cxd4 27. cxd4 Kb7
28. dxe5 fxe5 29. fxe5 Rac8+ 30. Kb1 Rhf8 31. Qe3 Rc7 32. e6 Rc5 33. Rf2 Rcc8
34. Rhf1 Nc7 35. Rf7 Rxf7 36. Rxf7 Qe8 37. Rxh7 Kb8 38. Qf4 Rd8 39. Rg7 Qh8 40.
Qf7 Rc8 41. h7 1-0